| 000 | 00888nam a2200241Ia 4500 | ||
|---|---|---|---|
| 999 |
_c38270 _d38270 |
||
| 001 | 4274 | ||
| 003 | GE_BSU | ||
| 005 | 20191008121919.0 | ||
| 008 | 181216s1970||||ge |||||||||||||| ||ge || | ||
| 040 | _cGE_BSU | ||
| 041 | _ageo | ||
| 080 | _a392.3(=353.1) ი–40 | ||
| 100 |
_aითონიშვილი, ვალერიან _94614 |
||
| 245 |
_aმოხევეების საოჯახო ყოფა. _cრედ. ბ.ბექაური. |
||
| 260 | _aთბილისი | ||
| 260 | _bსაბჭ. საქართველო | ||
| 260 | _c1970 | ||
| 300 |
_a123 გვ. ; _b21 სმ. |
||
| 653 | _aმოხევეების საოჯახო ყოფა | ||
| 653 | _aქართველების საოჯახო ყოფა | ||
| 700 |
_aბექაური, ბ. _eრედაქტორი _94615 |
||
| 942 |
_cBK _2udc |
||